[Event "Speed Chess Q2 Sw"]
[Site "Chess.com INT"]
[Date "2023.08.23"]
[Round "8"]
[White "Bongo Akanga Ndjila, Barthelemy"]
[Black "Osinovsky, Stepan"]
[Result "0-1"]
[WhiteElo "1824"]
[BlackElo "2241"]
[PlyCount "80"]
[EventDate "2023.08.23"]
[EventType "swiss (blitz)"]
[EventRounds "14"]
[EventCountry "USA"]
[SourceTitle "CBM 215 Extra"]
[Source "ChessBase"]
[SourceDate "2023.09.30"]
[SourceVersion "1"]
[SourceVersionDate "2023.09.30"]
[SourceQuality "1"]

1. d4 Nf6 2. c4 g6 3. Nc3 Bg7 4. e4 0-0 5. Be2 d6 6. Be3 e5 7. d5 c6 8. g4 cxd5 9. cxd5 a5 10. g5 Nfd7 11. h4 Na6 12. a3 Nac5 13. h5 a4 14. hxg6 fxg6 15. f3 Nb3 16. Rb1 Ndc5 17. Nh3 Nd4 18. Nf2 Bd7 19. Nd3 Nxd3+ 20. Qxd3 Nxf3+ 21. Bxf3 Rxf3 22. Kd2 Qa5 23. Qe2 Raf8 24. Rbf1 Rxf1 25. Rxf1 b5 26. Rh1 b4 27. axb4 Qxb4 28. Kc1 a3 29. Qh2 axb2+ 30. Qxb2 Qc4 31. Bd2 Rf3 32. Kb1 Bf8 33. Rc1 Bg4 34. Na2 Qxe4+ 35. Ka1 Qxd5 36. Qb8 Be6 37. Rc2 Rf1+ 38. Nc1 Rf3 39. Qb2 Rf7 40. Bb4 Ra7+ 0-1

[Event "Speed Chess Q2 Sw"]
[Site "Chess.com INT"]
[Date "2023.08.23"]
[Round "2"]
[White "Vovk, Orest"]
[Black "Bongo Akanga Ndjila, Barthelemy"]
[Result "1-0"]
[WhiteElo "2315"]
[BlackElo "1824"]
[PlyCount "67"]
[EventDate "2023.08.23"]
[EventType "swiss (blitz)"]
[EventRounds "14"]
[EventCountry "USA"]
[SourceTitle "CBM 215 Extra"]
[Source "ChessBase"]
[SourceDate "2023.09.30"]
[SourceVersion "1"]
[SourceVersionDate "2023.09.30"]
[SourceQuality "1"]

1. g4 d5 2. h3 Nd7 3. Bg2 Nb6 4. d3 e5 5. c3 Be6 6. Nf3 f6 7. Nbd2 Bd6 8. e4 Ne7 9. Qe2 Qd7 10. Nf1 h5 11. g5 h4 12. Be3 Ng6 13. 0-0-0 Nf4 14. Bxf4 exf4 15. gxf6 gxf6 16. e5 Be7 17. exf6 Bxf6 18. Qd2 0-0-0 19. Qxf4 Rdf8 20. Qd2 Rhg8 21. Ne3 Qa4 22. Kb1 d4 23. Nc4 Nxc4 24. dxc4 Bxc4 25. b3 Qb5 26. Bf1 dxc3 27. Bxc4 Qxc4 28. Qd7+ Kb8 29. bxc4 Bh8 30. Rhg1 Rxg1 31. Nxg1 a6 32. Qd8+ Rxd8 33. Rxd8+ Ka7 34. Rxh8 1-0

[Event "Titled Tuesday intern op 15th Aug Late"]
[Site "Chess.com INT"]
[Date "2023.08.15"]
[Round "2"]
[White "Bongo Akanga Ndjila, Barthelemy"]
[Black "Figorito, Nick"]
[Result "0-1"]
[WhiteElo "1824"]
[BlackElo "2036"]
[PlyCount "96"]
[EventDate "2023.08.15"]
[EventType "swiss (blitz)"]
[EventRounds "11"]
[EventCountry "USA"]
[SourceTitle "EXT 2024"]
[Source "ChessBase"]
[SourceDate "2023.10.10"]
[SourceVersion "1"]
[SourceVersionDate "2023.10.10"]
[SourceQuality "1"]

1. d4 Nf6 2. c4 g6 3. Nc3 d5 4. Nf3 Bg7 5. e3 0-0 6. Be2 c5 7. dxc5 Qa5 8. Bd2 dxc4 9. Na4 Qc7 10. Bxc4 Bd7 11. b4 Ne4 12. Rc1 Nxd2 13. Nxd2 Rd8 14. Nc3 Nc6 15. Qb3 Ne5 16. Nd5 Qb8 17. Nxe7+ Kh8 18. 0-0 Bc6 19. Nxc6 bxc6 20. Ne4 f5 21. Nd6 Rxd6 22. cxd6 Qxd6 23. Rfd1 Qc7 24. Bd5 Ng4 25. g3 Qe7 26. Bxc6 Rd8 27. Rxd8+ Qxd8 28. Bf3 Ne5 29. Qd5 Qb8 30. a3 h6 31. Rd1 Kh7 32. Bg2 Ng4 33. h3 Nf6 34. Qd8 Qe5 35. Qd4 Qc7 36. h4 h5 37. Qd2 Qe5 38. Rc1 Ng4 39. Qd7 Qb2 40. Rf1 Qxa3 41. Bf3 Ne5 42. Qd5 Qxb4 43. Bg2 Qa3 44. Rb1 Qc3 45. Rb7 Ng4 46. Qd7 Qe1+ 47. Bf1 Qxf2+ 48. Kh1 Qh2# 0-1

[Event "Titled Tuesday intern op 15th Aug Late"]
[Site "Chess.com INT"]
[Date "2023.08.15"]
[Round "9"]
[White "Bongo Akanga Ndjila, Barthelemy"]
[Black "Negron Lizarazo, Juan Sebastian"]
[Result "1-0"]
[WhiteElo "1824"]
[BlackElo "1689"]
[PlyCount "67"]
[EventDate "2023.08.15"]
[EventType "swiss (blitz)"]
[EventRounds "11"]
[EventCountry "USA"]
[SourceTitle "EXT 2024"]
[Source "ChessBase"]
[SourceDate "2023.10.10"]
[SourceVersion "1"]
[SourceVersionDate "2023.10.10"]
[SourceQuality "1"]

1. d4 Nf6 2. c4 g6 3. Nc3 d5 4. Nf3 Bg7 5. e3 0-0 6. Be2 c6 7. 0-0 Be6 8. b3 a6 9. Ng5 Bf5 10. g4 Bc8 11. h3 b5 12. cxd5 cxd5 13. Ba3 Re8 14. Nf3 Bb7 15. Ne5 Nc6 16. Nd3 Nd7 17. Bc5 Nxc5 18. Nxc5 Bc8 19. Rc1 Qd6 20. Bf3 e6 21. a3 f5 22. b4 fxg4 23. hxg4 Rf8 24. Kg2 Bd7 25. Nb7 Qc7 26. Nc5 Qd6 27. Rh1 Be8 28. g5 Rf7 29. Bg4 Bd7 30. f4 Raf8 31. Ne2 Nd8 32. Ng3 Re7 33. Qe2 Bh8 34. Rcf1 1-0

[Event "Titled Tuesday intern op 15th Aug Late"]
[Site "Chess.com INT"]
[Date "2023.08.15"]
[Round "8"]
[White "Bongo Akanga Ndjila, Barthelemy"]
[Black "Petersson, Kjell"]
[Result "1/2-1/2"]
[WhiteElo "1824"]
[BlackElo "2040"]
[PlyCount "123"]
[EventDate "2023.08.15"]
[EventType "swiss (blitz)"]
[EventRounds "11"]
[EventCountry "USA"]
[SourceTitle "EXT 2024"]
[Source "ChessBase"]
[SourceDate "2023.10.10"]
[SourceVersion "1"]
[SourceVersionDate "2023.10.10"]
[SourceQuality "1"]

1. d4 f5 2. Bg5 h6 3. Bh4 c5 4. dxc5 Qa5+ 5. Nc3 g5 6. e4 gxh4 7. Qh5+ Kd8 8. 0-0-0 Bg7 9. Nge2 Qa6 10. Nd4 Qf6 11. exf5 Qg5+ 12. Qxg5 hxg5 13. Ne6+ Ke8 14. Nc7+ Kf7 15. Nxa8 Be5 16. Bc4+ Kg7 17. Rhe1 Nc6 18. Nd5 Nf6 19. Nac7 d6 20. cxd6 exd6 21. Nxf6 Kxf6 22. Ne6 Kxf5 23. f4 gxf4 24. Nc7 Rh7 25. Nd5 Rg7 26. g3 hxg3 27. hxg3 Rxg3 28. Rf1 Nd4 29. c3 Nc6 30. Bd3+ Kg5 31. Rg1 Bg4 32. Rdf1 Rxg1 33. Rxg1 Kh4 34. Bf1 f3 35. Kd2 f2 36. Rh1+ Kg3 37. Rh6 Bf4+ 38. Nxf4 Kxf4 39. Rf6+ Kg3 40. Ke3 Ne5 41. Rxf2 Be6 42. Rg2+ Kh4 43. Rg7 Ng4+ 44. Kd3 Bd5 45. Rxb7 Bxb7 46. Kd4 Bc6 47. c4 Nf6 48. Bd3 Kg4 49. b4 Kf4 50. b5 Bb7 51. a4 Kf3 52. a5 Nd7 53. c5 dxc5+ 54. Kc4 Ke3 55. Bf5 Ne5+ 56. Kxc5 Nd3+ 57. Kd6 Nb4 58. Kc7 Bd5 59. b6 axb6 60. axb6 Nd3 61. b7 Bxb7 62. Kxb7 1/2-1/2